000 00360nam a2200133Ia 4500
008 240624s9999 xx 000 0 und d
041 _aeng
082 _a005.133 MUE
100 _aMUELLER JOHN PAUL
245 _aPYTHON FOR DATA SCIENCE FOR DUMMIES A WI
260 _c2015
_aNew Delhi
_bWiley India
300 _axii, : 418 : p. : cm. ; 23
365 _cRS
_b27.5
999 _c27753
_d27753